Dlhodobé prírastkové náklady - lekcie z regulácie

Stručný popis výpočtu produktových nákladov. Súvislosti odpisových metód s nákladovými metodikami. Metodiky, ktoré sa na základe týchto rozhodnutí dajú vykonštruovať (FAHC, FACC a LRIC). Nákladové metodiky v telekomunikačnej praxi.

Gespeichert in:
Bibliographische Detailangaben
1. Verfasser: Tausinger, Radoslav
Format: Buchkapitel
Sprache:Slowakisch
Schlagworte:
Tags: Tag hinzufügen
Keine Tags, Fügen Sie das erste Tag hinzu!

MARC

LEADER 00000naa$a2200000$$$4500
001 0048912
005 20231106074756.4
041 0 |a slo 
044 |a SK 
245 1 0 |a Dlhodobé prírastkové náklady - lekcie z regulácie  |c Radoslav Tausinger 
520 |a Stručný popis výpočtu produktových nákladov. Súvislosti odpisových metód s nákladovými metodikami. Metodiky, ktoré sa na základe týchto rozhodnutí dajú vykonštruovať (FAHC, FACC a LRIC). Nákladové metodiky v telekomunikačnej praxi. 
610 2 0 |a náklady 
610 2 0 |a metóda ABC 
610 2 0 |a účtovníctvo finančné 
610 2 0 |a regulácia 
610 2 0 |a alokácia nákladov 
100 1 |a Tausinger, Radoslav